000 00503nam a2200193 a 4500
001 1774865108000
003 YourLibrary
005 20260330153908.0
008 260330s2004##################000#0#eng##
020 _a9788176485500
082 0 4 _a355.033054
_bVAN
100 1 _aAsthana, Vandana,
_eauthor.
245 1 0 _aSecurity in South Asia :
260 _bAPH Publishing,
_c2004.
300 _a400 pages
650 0 _aEthnic conflict.
942 _cENGLISH
040 _aYourLibrary
_beng
_cYourLibrary
999 _c618405
_d618405